Desafíos para un nuevo milenio /

Na minha lista:
Detalhes bibliográficos
Autor principal: Jailler Castrillon, Erika
Formato: Texto
Assuntos:
Tags: Adicionar Tag
Sem tags, seja o primeiro a adicionar uma tag!

MARC

LEADER 00000 a a2200000 04500
001 3684
003
040
100 |a Jailler Castrillon, Erika  
245 |a Desafíos para un nuevo milenio /  |c Erika Jailler Castrillon 
650 |a INVESTIGACION SOBRE LA COMUNICACION  
650 |a TEORIA DE LA COMUNICACION  
650 |a CIENCIA DE LA INFORMACION  
650 |a COLOMBIA  
773 |g número 23; páginas 18-24  
999 |c 28242  |d 28242